Žinka, ščo serce i chyst oddala dit'om

Bibliographic Details
Main Author: Rudlovčáková, Helena, 1919-2007 (Author)
Format: Article
Language:Ukrainian
Subjects:

MARC

LEADER 00000nab a2200000 a 4500
001 vtls000086287
003 SK-MaSNL
005 20260318121816.0
008 150430c1981 xo 0 ukr
015 |a SNBRB19rr/mm-uuuuu 
035 |a CL0096390 
040 |a SNKBUCL  |b slo  |c SNKBUCL  |e AACR2 
041 0 |a ukr 
044 |a xo  |c SK 
080 |a 82:929:883  |2 1981 
080 |a 883  |2 1981 
080 |a 929 Pidhirjanka, Marijka  |2 1981 
100 1 |a Rudlovčáková, Helena,  |d 1919-2007  |4 aut  |9 201688 
245 1 0 |a Žinka, ščo serce i chyst oddala dit'om  |c Olena Rudlovčak 
600 1 7 |a Pidhirjanka, Marijka,  |d 1881-1963  |2 snkbucl  |9 905798 
650 0 7 |a ukrajinská literatúra  |2 snkbucl  |9 1218 
655 7 |a články z novín a časopisov  |2 snkbucl  |9 267496 
655 7 |a články z odboru literárna veda a krásna literatúra  |2 snkbucl  |9 770045 
773 0 |t Škola i žyttja  |g Roč. 18, č. 3 (1981), s. 4-5 
850 |a Slovenská národná knižnica v Martine  |a MTA001 
852 |a SNK  |b KIS3GCP 
958 |a RK 
958 |a LX 
958 |a SK 
992 |a RBX 
999 |c 3247288  |d 3249218